LEADER 00984nam--2200349---450 001 990001511230203316 005 20220412095555.0 035 $a000151123 035 $aUSA01000151123 035 $a(ALEPH)000151123USA01 035 $a000151123 100 $a20040317d1966----km-y0itay0103----ba 101 0 $afre 102 $aFR 105 $aa|||||||001yy 200 1 $aArgos les fouilles de la Deiras$fpar Jean Deshayes 210 $aParis$cLibrairie Philosophique$d1966 215 $a304 p.$cill.$d28 cm 300 $aIn testa al frontespizio : Ecole Francaise d'Athénes 410 0$12001 454 1$12001 461 1$1001-------$12001 607 0 $aArgo (Grecia)$xAntichità 676 $a938.6 700 1$aDESHAYES,$bJean$0212089 801 0$aIT$bsalbc$gISBD 912 $a990001511230203316 951 $aXI.3. Coll.10/ 4(X A coll. 63/4)$b19535 L.M.$cX A 959 $aBK 969 $aUMA 996 $aArgos les fouilles de la Deiras$9283112 997 $aUNISA LEADER 01942nam 2200385 n 450 001 996395399103316 005 20221108074256.0 035 $a(CKB)3810000000013148 035 $a(EEBO)2264186905 035 $a(UnM)9958982200971 035 $a(EXLCZ)993810000000013148 100 $a19830817d1657 uy 101 0 $alat 135 $aurbn||||a|bb| 200 10$aLexicon geographicum$b[electronic resource] $ein quo universi orbis oppida, urbes, regiones, provinciæ, regna, emporia, academiæ, metropoles, fontes, flumina, & maria antiquis recentibusque nominibus appellata, suisque distantiis descripta recensentur; in duas partes divisum: in priori quarum antiqua nomina recentibus, in altera recentia antiquis præponuntur. Opus perquam utile, & necessarium omnibus humaniorum literarum professoribus, historicis, poetis, & antiquariis. /$fAuthore Fr. Philippo Ferrario Alexandrino, ordinis servorum, S.T.D. atque in Ticinensi Academia Regio Mathematices professore 205 $aEditio nova, multo quam prior accuratior$badnectitur tabula longitudinis ac latitudinis urbium & oppidorum pertotum terrarum orbem, ex ejusdem Philippi Ferrarii epitome geographica desumpta. 210 $aLondini $cex officina Rogeri Danielis$danno Domini M DC LVII. [1657] 215 $a[1]+ leaves 300 $aRoman numeral date is made with turned C's. 300 $aDevice on t.p. not found in McK. 300 $aFragment: t.p. only. 300 $aReproduction of original in the British Library. 330 $aeebo-0018 606 $aGeography$xDictionaries$vEarly works to 1800 608 $aTitle pages$zEngland$y17th century. 615 0$aGeography$xDictionaries 700 $aFerrarius$b Philippus$fd. 1626.$0329338 801 0$bCu-RivES 801 1$bCu-RivES 801 2$bCStRLIN 801 2$bCu-RivES 906 $aBOOK 912 $a996395399103316 996 $aLexicon geographicum$92305733 997 $aUNISA